Statistics for Rick and Morty Characters

Click here to take the quiz!

General Stats

  • This quiz has been taken 1,133 times
  • The average score is 8 of 40

Answer Stats

Hint Answer % Correct
Rick Sanchez
100%
Morty Smith
99%
Jerry Smith
90%
Summer Smith
88%
Beth Smith
66%
Bird Person
57%
Jessica
45%
Mr. Meeseeks
40%
Tammy
35%
Snuffles
32%
Scary Terry
29%
Mr. Goldenfold
21%
Gearhead
16%
Evil Morty
15%
Brad
13%
Ants in my Eyes Johnson
9%
Evil Rick
9%
Abradolf Lincler
8%
Squanchie
7%
King Jellybean
7%
Morty Jr
7%
Ethan
7%
Frank Palicky
4%
Gene Vagina
4%
Dr. Xenon Bloom
3%
Jacob
3%
Annie
3%
Nancy
2%
Ruben
2%
Davin
2%
Mr. Needful
2%
King Flippynips
2%
Scroopy Noopers
1%
Poncho
1%
Lucy
1%
Joyce Smith
1%
Kevin
1%
Leonard Smith
1%
Roger
0%
Prince Nebulon
0%

Score Distribution

Percentile by Number Answered

Percent of People with Each Score

Your Score History

You have not taken this quiz